000 00303nam a22001337a 4500
008 181031b xxu||||| |||| 00| 0 eng d
020 _a9782894292341
041 _aeng
080 _a521
100 _a42
101 _aAST
245 _aThe Complete handbook of Astrology
_cBugler,C
942 _2udc
_cBK
999 _c51216
_d51216